[Event "Krakow Malopolski Cup"]
[Site "Krakow"]
[Date "2022.08.04"]
[Round "2"]
[White "Cholewa, Maria"]
[Black "Sosna, Ziemowit"]
[Result "0-1"]
[WhiteElo "1720"]
[BlackElo "1058"]
[PlyCount "72"]
[EventDate "2022.08.04"]
[EventType "swiss"]
[EventRounds "9"]
[EventCountry "POL"]
[SourceTitle "CBM 209 Extra"]
[Source "ChessBase"]
[SourceDate "2022.09.30"]
[SourceVersion "1"]
[SourceVersionDate "2022.09.30"]
[SourceQuality "1"]

1. d4 Nf6 2. Nc3 Nc6 3. Nf3 d6 4. e4 e5 5. d5 Ne7 6. Bb5+ Bd7 7. Bxd7+ Qxd7 8. Bg5 c6 9. dxc6 Qxc6 10. Bxf6 gxf6 11. Nd5 Nxd5 12. exd5 Qb6 13. 0-0 Qxb2 14. Qd2 Rc8 15. Rfb1 Qxc2 16. Qa5 b6 17. Qa6 Bh6 18. Rc1 Qxc1+ 19. Rxc1 Rxc1+ 20. Qf1 Rxf1+ 21. Kxf1 Ke7 22. Ke2 Rc8 23. Nd2 Rc2 24. Kd3 Rxd2+ 25. Kc4 Rxa2 26. Kb3 Rxf2 27. Kc3 a5 28. Kb3 b5 29. Ka3 a4 30. Kb4 Rf4+ 31. Kxb5 a3 32. Kb6 a2 33. g3 Rf3 34. h3 a1Q 35. Kb5 Rb3+ 36. Kc6 Qc3# 0-1

[Event "POL-chT3 Wielkopolskie 1516"]
[Site "Poland"]
[Date "2016.01.17"]
[Round "3.36"]
[White "Cholewa, Maria"]
[Black "Sobierska, Wioletta"]
[Result "0-1"]
[WhiteElo "1732"]
[BlackElo "2021"]
[PlyCount "68"]
[EventDate "2016.01.10"]
[EventType "team-tourn"]
[EventRounds "11"]
[EventCountry "POL"]
[SourceTitle "EXT 2019"]
[Source "ChessBase"]
[SourceDate "2018.10.10"]
[SourceVersion "1"]
[SourceVersionDate "2018.10.10"]
[SourceQuality "1"]

1. e4 e6 2. d4 d5 3. exd5 exd5 4. Bd3 Bd6 5. Nf3 Nc6 6. c3 Nge7 7. Bg5 Bg4 8. Nbd2 f6 9. Bh4 Ng6 10. Bg3 Nf4 11. Bxf4 Bxf4 12. Qc2 Qe7+ 13. Kf1 Bxd2 14. Nxd2 0-0-0 15. Re1 Qd6 16. Nb3 Rde8 17. f3 Qf4 18. Qf2 Bh5 19. Qg3 Rxe1+ 20. Kxe1 Qe3+ 21. Be2 Re8 22. Qf2 Qd3 23. Kf1 Qb1+ 24. Qe1 Qxb2 25. Nc1 Bg6 26. h4 Re3 27. h5 Bf5 28. g4 Bb1 29. Kf2 Rxc3 30. Qd1 Nxd4 31. Re1 Rxf3+ 32. Kg2 Be4 33. Kg1 Rg3+ 34. Kf1 Qc3 0-1

[Event "POL-chT3 Wielkopolskie 1516"]
[Site "Poland"]
[Date "2016.01.17"]
[Round "2.36"]
[White "Kubasik, Aleksandra"]
[Black "Cholewa, Maria"]
[Result "0-1"]
[WhiteElo "1141"]
[BlackElo "1732"]
[PlyCount "44"]
[EventDate "2016.01.10"]
[EventType "team-tourn"]
[EventRounds "11"]
[EventCountry "POL"]
[SourceTitle "EXT 2019"]
[Source "ChessBase"]
[SourceDate "2018.10.10"]
[SourceVersion "1"]
[SourceVersionDate "2018.10.10"]
[SourceQuality "1"]

1. e4 e5 2. Nf3 d6 3. d4 exd4 4. Nxd4 g6 5. Be2 Bg7 6. 0-0 h6 7. c4 Nf6 8. Nc3 0-0 9. f4 Re8 10. Qd3 Nbd7 11. Bf3 Nc5 12. Qc2 Nfxe4 13. Nxe4 Bxd4+ 14. Kh1 Bf5 15. Re1 Nxe4 16. Bxe4 d5 17. cxd5 Qxd5 18. Qd1 Bxe4 19. Be3 Bxg2+ 20. Kg1 Rxe3 21. Rf1 Re2+ 22. Rf2 Bxf2# 0-1

[Event "Poznan op 23rd"]
[Site "Poznan"]
[Date "2015.08.15"]
[Round "6"]
[White "Cholewa, Maria"]
[Black "Polak, Karol"]
[Result "0-1"]
[WhiteElo "1794"]
[BlackElo "1529"]
[PlyCount "88"]
[EventDate "2015.08.10"]
[EventType "swiss"]
[EventRounds "9"]
[EventCountry "POL"]
[SourceTitle "CBM 167 Extra"]
[Source "ChessBase"]
[SourceDate "2015.09.14"]
[SourceVersion "1"]
[SourceVersionDate "2015.09.14"]
[SourceQuality "1"]

1. e4 e6 2. d3 d5 3. Nd2 Nc6 4. Ngf3 dxe4 5. Nxe4 Nf6 6. Qe2 Nd4 7. Nxd4 Qxd4 8. c3 Qd8 9. Ng3 b6 10. d4 Bb7 11. Bd2 Qd7 12. Nh5 Be7 13. Nxg7+ Kd8 14. Nh5 Rg8 15. Nxf6 Bxf6 16. Qh5 Ke7 17. Rg1 Qa4 18. b3 Qc6 19. g3 Qe4+ 20. Qe2 Qf5 21. Qc4 Kd7 22. Bf4 c6 23. Bg2 a5 24. a4 Rgc8 25. Qe2 Ba6 26. Qd2 Ke7 27. Rc1 Ra7 28. Qe3 Rd7 29. Be4 Qg4 30. h3 Qg7 31. Bh6 Qg8 32. g4 Bg7 33. Bg5+ f6 34. Bf4 e5 35. Bf5 Qxb3 36. Bxd7 Kxd7 37. dxe5 fxe5 38. Rd1+ Kc7 39. Bxe5+ Bxe5 40. Qxe5+ Kb7 41. Rg3 Qc4 42. Rgd3 Ka8 43. Rf3 Qf1+ 44. Kd2 Rd8+ 0-1

[Event "Poznan op 22nd"]
[Site "Poznan"]
[Date "2014.08.16"]
[Round "9"]
[White "Wlodarczak, Damian"]
[Black "Cholewa, Maria"]
[Result "1/2-1/2"]
[WhiteElo "1678"]
[BlackElo "1875"]
[PlyCount "33"]
[EventDate "2014.08.09"]
[EventType "swiss"]
[EventRounds "9"]
[EventCountry "POL"]
[SourceTitle "CBM 161 Extra"]
[Source "ChessBase"]
[SourceDate "2014.08.29"]
[SourceVersion "1"]
[SourceVersionDate "2014.08.29"]
[SourceQuality "1"]

1. e4 e5 2. Nf3 Nc6 3. d4 exd4 4. Nxd4 Bc5 5. Be3 Qf6 6. c3 Nge7 7. Bc4 0-0 8. 0-0 Ne5 9. Be2 d5 10. Nd2 Qd6 11. Kh1 f5 12. f4 N5g6 13. e5 Qb6 14. b4 Bxd4 15. Bxd4 Qe6 16. Nb3 b6 17. a4 1/2-1/2

[Event "Poznan op 22nd"]
[Site "Poznan"]
[Date "2014.08.12"]
[Round "5"]
[White "Huchwajda, Grzegorz"]
[Black "Cholewa, Maria"]
[Result "1-0"]
[WhiteElo "1524"]
[BlackElo "1875"]
[PlyCount "121"]
[EventDate "2014.08.09"]
[EventType "swiss"]
[EventRounds "9"]
[EventCountry "POL"]
[SourceTitle "CBM 161 Extra"]
[Source "ChessBase"]
[SourceDate "2014.08.29"]
[SourceVersion "1"]
[SourceVersionDate "2014.08.29"]
[SourceQuality "1"]

1. e4 e5 2. Nf3 Nc6 3. Nc3 Nf6 4. Bb5 Bb4 5. 0-0 0-0 6. d3 d6 7. Bg5 Bxc3 8. bxc3 h6 9. Bc1 a6 10. Bxc6 bxc6 11. a4 a5 12. Rb1 Re8 13. Re1 c5 14. c4 Nd7 15. c3 Nb6 16. h3 f5 17. Qb3 fxe4 18. Rxe4 Bf5 19. Re3 Rb8 20. Qa2 Bd7 21. d4 cxd4 22. cxd4 Be6 23. d5 Bf7 24. Bd2 Qd7 25. Bxa5 Ra8 26. Bxb6 Rxa4 27. Qc2 cxb6 28. Rxb6 Rea8 29. Reb3 Ra1+ 30. Kh2 Qd8 31. Qc3 R1a2 32. Rb2 R2a4 33. Nd2 Qf6 34. Qf3 Qd8 35. Rb7 Bg6 36. Qg4 Kh7 37. Rd7 Qf8 38. Rbb7 Rd8 39. Rdc7 Ra2 40. Ne4 Ra1 41. Qh4 Bxe4 42. Qxe4+ Kh8 43. Qg4 Qf4+ 44. Qxf4 exf4 45. Rxg7 Ra2 46. f3 Rc2 47. Rh7+ Kg8 48. Rhd7 Re8 49. Re7 Ra8 50. Rbc7 Rd8 51. Re4 Rf8 52. h4 Kh8 53. Ree7 Ra8 54. Rf7 h5 55. Rh7+ Kg8 56. Rxh5 Raa2 57. Rg5+ Kh8 58. h5 Rf2 59. Rd7 Rxf3 60. Rxd6 Rf1 61. Rh6# 1-0

[Event "Poznan op 22nd"]
[Site "Poznan"]
[Date "2014.08.10"]
[Round "2"]
[White "Cholewa, Maria"]
[Black "Bartkowiak, Damian"]
[Result "0-1"]
[WhiteElo "1875"]
[BlackElo "2133"]
[PlyCount "40"]
[EventDate "2014.08.09"]
[EventType "swiss"]
[EventRounds "9"]
[EventCountry "POL"]
[SourceTitle "CBM 161 Extra"]
[Source "ChessBase"]
[SourceDate "2014.08.29"]
[SourceVersion "1"]
[SourceVersionDate "2014.08.29"]
[SourceQuality "1"]

1. e4 c5 2. Nc3 Nc6 3. g3 e6 4. Bg2 Nge7 5. d3 d5 6. exd5 exd5 7. Bf4 d4 8. Ne4 Nd5 9. Qe2 Be6 10. Bg5 Qb6 11. 0-0-0 Ncb4 12. b3 Nxa2+ 13. Kb2 Ndc3 14. Nxc3 Nxc3 15. Qe1 c4 16. dxc4 Qb4 17. Ra1 Na4+ 18. Rxa4 Qxe1 19. Nf3 Qc3+ 20. Kb1 d3 0-1

[Event "POL-chT3 Wielkopolskie 1314"]
[Site "Poland"]
[Date "2014.02.16"]
[Round "6.12"]
[White "Cholewa, Maria"]
[Black "Wesolowska, Katarzyna"]
[Result "0-1"]
[WhiteElo "1861"]
[BlackElo "1692"]
[PlyCount "108"]
[EventDate "2013.10.27"]
[EventType "team-tourn"]
[EventRounds "11"]
[EventCountry "POL"]
[SourceTitle "EXT 2015"]
[Source "ChessBase"]
[SourceDate "2014.11.20"]
[SourceVersion "1"]
[SourceVersionDate "2014.11.20"]
[SourceQuality "1"]
[WhiteTeam "Poznan Politechnika II"]
[BlackTeam "Wolsztyn UKS Szach"]
[WhiteTeamCountry "POL"]
[BlackTeamCountry "POL"]

1. e4 e6 2. d3 d5 3. Nd2 c5 4. g3 Nc6 5. Bg2 Nf6 6. Ngf3 b6 7. 0-0 Bb7 8. Re1 Be7 9. e5 Nd7 10. Nf1 h6 11. h4 Qc7 12. Bf4 0-0-0 13. c3 Rdg8 14. Qc1 Qd8 15. h5 g5 16. hxg6 Rxg6 17. a3 h5 18. b4 h4 19. Qc2 h3 20. Bh1 Nf8 21. bxc5 Bxc5 22. Nd4 h2+ 23. Kg2 Qh4 24. Qc1 Qh3+ 25. Kf3 Qg4+ 26. Ke3 Nxe5 27. Bxe5 f6 28. f3 Qh5 29. Bxf6 Rxf6 30. Kd2 e5 31. Nb3 Rxf3 32. Kc2 Rf2+ 33. Kb1 Qf5 34. Nxc5 bxc5 35. Qd1 Rh6 36. Ne3 Qg6 37. Qg4+ Qxg4 38. Nxg4 Rb6+ 39. Kc1 Rf5 40. Nxh2 Rg6 41. Nf3 Rxg3 42. Nxe5 Nd7 43. Nxd7 Kxd7 44. Rb1 Bc6 45. Kd2 a6 46. Rb6 Bb5 47. c4 Rf2+ 48. Kc1 dxc4 49. Rb7+ Kc8 50. dxc4 Rc3+ 51. Kb1 Rxc4 52. Rg1 Rcf4 53. Bg2 Rxg2 54. Rxg2 Kxb7 0-1

[Event "POL-chT3 Wielkopolskie 1314"]
[Site "Poland"]
[Date "2014.01.05"]
[Round "4.6"]
[White "Cholewa, Maria"]
[Black "Momot, Weronika"]
[Result "1-0"]
[WhiteElo "1861"]
[BlackElo "1500"]
[PlyCount "55"]
[EventDate "2013.10.27"]
[EventType "team-tourn"]
[EventRounds "11"]
[EventCountry "POL"]
[SourceTitle "EXT 2015"]
[Source "ChessBase"]
[SourceDate "2014.11.20"]
[SourceVersion "1"]
[SourceVersionDate "2014.11.20"]
[SourceQuality "1"]
[WhiteTeam "Poznan Politechnika II"]
[BlackTeam "Konin UKS Smecz"]
[WhiteTeamCountry "POL"]
[BlackTeamCountry "POL"]

1. e4 e6 2. d4 d5 3. exd5 exd5 4. Bd3 Bd6 5. Nf3 Be6 6. 0-0 Ne7 7. Re1 Nbc6 8. c3 f6 9. Rxe6 Qd7 10. Re1 0-0-0 11. b4 g5 12. a4 h5 13. Na3 h4 14. Nb5 g4 15. Nxd6+ Qxd6 16. Nd2 f5 17. b5 Nxd4 18. cxd4 Qf6 19. Nb3 Ng6 20. Qc2 Rhf8 21. Nc5 Rd6 22. Bh6 Rfd8 23. Bxf5+ Kb8 24. Nd7+ R6xd7 25. Bxd7 Rxd7 26. Re8+ Rd8 27. Rxd8+ Qxd8 28. Qxg6 1-0

[Event "Poznan op 21st"]
[Site "Poznan"]
[Date "2013.08.14"]
[Round "9"]
[White "Kozlowski, Tomasz"]
[Black "Cholewa, Maria"]
[Result "0-1"]
[WhiteElo "1961"]
[BlackElo "1855"]
[PlyCount "68"]
[EventDate "2013.08.07"]
[EventType "swiss"]
[EventRounds "9"]
[EventCountry "POL"]
[SourceTitle "CBM 155 Extra"]
[Source "ChessBase"]
[SourceDate "2013.08.26"]
[SourceVersion "1"]
[SourceVersionDate "2013.08.26"]
[SourceQuality "1"]

1. e4 e5 2. Nc3 Nf6 3. f4 d5 4. fxe5 Nxe4 5. Nf3 Nxc3 6. dxc3 c6 7. Bd3 Bc5 8. Qe2 h6 9. Bf4 Qb6 10. b4 Be7 11. Be3 Qc7 12. 0-0 0-0 13. Qd2 f6 14. exf6 Bxf6 15. Bc5 Be7 16. Bd4 Nd7 17. Rae1 Bf6 18. c4 Bxd4+ 19. Nxd4 Rxf1+ 20. Bxf1 Nf6 21. cxd5 cxd5 22. Nf3 Bf5 23. Bd3 Qb6+ 24. Kf1 Bxd3+ 25. cxd3 Rf8 26. g3 Ng4 27. Kg2 d4 28. Re4 Ne3+ 29. Kf2 g5 30. h3 Rxf3+ 31. Kxf3 Qf6+ 32. Rf4 gxf4 33. gxf4 Qc6+ 34. Kg3 Nf1+ 0-1

[Event "Poznan op 21st"]
[Site "Poznan"]
[Date "2013.08.11"]
[Round "5"]
[White "Cholewa, Maria"]
[Black "Chojnacki, Krzysztof"]
[Result "0-1"]
[WhiteElo "1855"]
[BlackElo "2407"]
[PlyCount "72"]
[EventDate "2013.08.07"]
[EventType "swiss"]
[EventRounds "9"]
[EventCountry "POL"]
[SourceTitle "CBM 155 Extra"]
[Source "ChessBase"]
[SourceDate "2013.08.26"]
[SourceVersion "1"]
[SourceVersionDate "2013.08.26"]
[SourceQuality "1"]

1. e4 c6 2. d4 d5 3. exd5 cxd5 4. Bd3 Nc6 5. Nf3 Bg4 6. c3 Nf6 7. Bf4 Qb6 8. Bc1 e6 9. 0-0 Bd6 10. Re1 0-0 11. Nbd2 Rfe8 12. h3 Bh5 13. g4 Bg6 14. Bxg6 hxg6 15. Ne5 Bxe5 16. dxe5 Nd7 17. Nf3 Rac8 18. Qe2 Qc7 19. h4 Nc5 20. h5 gxh5 21. gxh5 Ne4 22. h6 Nxe5 23. Bf4 Nxf3+ 24. Qxf3 e5 25. Qg2 f5 26. Be3 Re6 27. Qxg7+ Qxg7+ 28. hxg7 f4 29. Bc1 Kxg7 30. f3 Ng5 31. Kf2 Rh8 32. Rg1 Rg6 33. Rg2 Rh3 34. Bd2 Nxf3 35. Rxg6+ Kxg6 36. Ke2 Kf5 0-1

[Event "Poznan op 21st"]
[Site "Poznan"]
[Date "2013.08.11"]
[Round "6"]
[White "Zajecki, Maurycy"]
[Black "Cholewa, Maria"]
[Result "1-0"]
[WhiteElo "2015"]
[BlackElo "1855"]
[PlyCount "103"]
[EventDate "2013.08.07"]
[EventType "swiss"]
[EventRounds "9"]
[EventCountry "POL"]
[SourceTitle "CBM 155 Extra"]
[Source "ChessBase"]
[SourceDate "2013.08.26"]
[SourceVersion "1"]
[SourceVersionDate "2013.08.26"]
[SourceQuality "1"]

1. e4 e5 2. Nf3 Nc6 3. Bb5 Bc5 4. 0-0 Nd4 5. Nxd4 Bxd4 6. c3 Bb6 7. d3 c6 8. Ba4 d6 9. Nd2 Nf6 10. h3 0-0 11. Bb3 h6 12. Nc4 Bc7 13. Re1 Be6 14. Ne3 Re8 15. Qf3 Nd7 16. Ng4 Bxb3 17. axb3 Re6 18. b4 Nf8 19. Be3 Bb6 20. Bxb6 Qxb6 21. Qe3 Qxe3 22. Nxe3 Ng6 23. g3 Ne7 24. c4 g6 25. Ra5 a6 26. Rea1 Rb8 27. b5 axb5 28. cxb5 cxb5 29. Rxb5 Nc6 30. Rb6 Ree8 31. Rc1 Kg7 32. Kf1 Red8 33. b4 h5 34. Ra1 Rd7 35. f4 f6 36. h4 g5 37. hxg5 fxg5 38. f5 Kf7 39. Kg2 g4 40. Rh1 Ra8 41. Rxh5 Ra2+ 42. Kf1 Ra1+ 43. Kf2 Ra2+ 44. Ke1 Ra1+ 45. Kd2 Ra2+ 46. Kc1 Kg7 47. Rg5+ Kf8 48. Rxg4 Rh7 49. Rh4 Rc7 50. Nd5 Rg7 51. g4 Rd7 52. f6 1-0

[Event "Poznan op 21st"]
[Site "Poznan"]
[Date "2013.08.09"]
[Round "3"]
[White "Cholewa, Maria"]
[Black "Pawlowski, Rafal"]
[Result "1/2-1/2"]
[WhiteElo "1855"]
[BlackElo "1578"]
[PlyCount "56"]
[EventDate "2013.08.07"]
[EventType "swiss"]
[EventRounds "9"]
[EventCountry "POL"]
[SourceTitle "CBM 155 Extra"]
[Source "ChessBase"]
[SourceDate "2013.08.26"]
[SourceVersion "1"]
[SourceVersionDate "2013.08.26"]
[SourceQuality "1"]

1. e4 e6 2. d4 d5 3. Nd2 c5 4. dxc5 Bxc5 5. Nb3 Bb6 6. Bb5+ Nc6 7. exd5 exd5 8. Qe2+ Nge7 9. Nf3 0-0 10. 0-0 Bg4 11. h3 Bh5 12. Bd3 Bg6 13. Bxg6 hxg6 14. Bf4 Bc7 15. Bxc7 Qxc7 16. Rfe1 Rac8 17. c3 a6 18. Rad1 Qf4 19. Nbd4 Rfd8 20. g3 Qc7 21. Ng5 Qd7 22. h4 Nf5 23. Nxc6 bxc6 24. h5 gxh5 25. Qxh5 Nh6 26. Ne4 Qe7 27. Ng5 Qd7 28. Ne4 Qe7 1/2-1/2

[Event "POL-chT 3rd League Wielkopolska 12/13"]
[Site "Poznan"]
[Date "2013.03.10"]
[Round "11.30"]
[White "Cholewa, Maria"]
[Black "Szelag, Zuzanna"]
[Result "1-0"]
[WhiteElo "1847"]
[BlackElo "1374"]
[PlyCount "55"]
[EventDate "2012.11.25"]
[EventType "team-tourn"]
[EventRounds "11"]
[EventCountry "POL"]
[SourceTitle "EXT 2014"]
[Source "ChessBase"]
[SourceDate "2013.11.20"]
[SourceVersion "1"]
[SourceVersionDate "2013.11.20"]
[SourceQuality "1"]
[WhiteTeam "Poznan Politechnika II"]
[BlackTeam "Gniezno LKS Chrobry II"]
[WhiteTeamCountry "POL"]
[BlackTeamCountry "POL"]

1. e4 c5 2. Nc3 g6 3. g3 Nc6 4. Bg2 Bg7 5. d3 d6 6. h3 Nf6 7. f4 Nd4 8. Nge2 0-0 9. 0-0 Ne8 10. Kh2 f5 11. Nxd4 Bxd4 12. exf5 Rxf5 13. Ne4 Bd7 14. c3 Bg7 15. Qb3+ d5 16. Nxc5 e6 17. Qxb7 Rf7 18. Nxd7 Rxd7 19. Qc6 Rd6 20. Qa4 Nf6 21. Be3 a6 22. Bc5 Rd7 23. Rfe1 Qe8 24. Qc6 Rc8 25. Qb6 Qf7 26. d4 Rb7 27. Qxa6 Rxb2 28. Qxc8+ 1-0

[Event "Poznan op 20th"]
[Site "Poznan"]
[Date "2011.07.19"]
[Round "4"]
[White "Kaczmarczyk, Pawel"]
[Black "Cholewa, Maria"]
[Result "1/2-1/2"]
[WhiteElo "1635"]
[BlackElo "1857"]
[PlyCount "61"]
[EventDate "2011.07.16"]
[EventType "swiss"]
[EventRounds "9"]
[EventCountry "POL"]
[SourceTitle "CBM 143 Extra"]
[Source "ChessBase"]
[SourceDate "2011.08.29"]
[SourceVersion "1"]
[SourceVersionDate "2011.08.29"]
[SourceQuality "1"]

1. e4 e5 2. Nf3 Nc6 3. d4 exd4 4. c3 d5 5. exd5 Qxd5 6. cxd4 Bg4 7. Nc3 Bb4 8. Be2 Bxf3 9. Bxf3 Qc4 10. Be3 Bxc3+ 11. bxc3 Qxc3+ 12. Kf1 Nge7 13. Rc1 Qa5 14. d5 Ne5 15. Bc5 N7g6 16. d6 0-0 17. dxc7 Rfe8 18. Bd6 Nxf3 19. gxf3 Qa6+ 20. Kg2 Nh4+ 21. Kh3 Nf5 22. Bg3 Rac8 23. Qd7 Qe6 24. Qxe6 Rxe6 25. Rhd1 Kf8 26. Rd8+ Re8 27. Bd6+ Nxd6 28. Rxd6 Re7 29. Rd8+ Re8 30. Rd7 Re7 31. Rd8+ 1/2-1/2

[Event "Poznan op 19th"]
[Site "Poznan"]
[Date "2010.08.05"]
[Round "5"]
[White "Cholewa, Maria"]
[Black "Gospodarczyk, Roman"]
[Result "1/2-1/2"]
[WhiteElo "1806"]
[BlackElo "1949"]
[PlyCount "66"]
[EventDate "2010.08.01"]
[EventType "swiss"]
[EventRounds "9"]
[EventCountry "POL"]
[SourceTitle "CBM 138 Extra"]
[Source "ChessBase"]
[SourceDate "2010.10.29"]
[SourceVersion "1"]
[SourceVersionDate "2010.10.29"]
[SourceQuality "1"]

1. e4 e6 2. d4 d5 3. exd5 exd5 4. Bd3 Bd6 5. Nf3 Nf6 6. 0-0 0-0 7. Bg5 Bg4 8. c3 c6 9. Nbd2 Nbd7 10. Qc2 Qc7 11. Rfe1 Rae8 12. Bf5 Bh5 13. Bh4 Bg6 14. Bg3 Nh5 15. Bxg6 hxg6 16. Bxd6 Qxd6 17. g3 Nhf6 18. Qb3 b6 19. Rad1 c5 20. dxc5 bxc5 21. Qc2 Qc7 22. Nb3 a5 23. Nc1 c4 24. Nd4 Nc5 25. f3 a4 26. b3 axb3 27. axb3 cxb3 28. Ncxb3 Nxb3 29. Nxb3 Rxe1+ 30. Rxe1 Rc8 31. Rc1 Ne8 32. Qd3 Qc4 33. Qxc4 Rxc4 1/2-1/2

[Event "Poznan op 19th"]
[Site "Poznan"]
[Date "2010.08.04"]
[Round "4"]
[White "Cholewa, Maria"]
[Black "Wesolowski, Edgar"]
[Result "1-0"]
[WhiteElo "1806"]
[BlackElo "1987"]
[PlyCount "87"]
[EventDate "2010.08.01"]
[EventType "swiss"]
[EventRounds "9"]
[EventCountry "POL"]
[SourceTitle "CBM 138 Extra"]
[Source "ChessBase"]
[SourceDate "2010.10.29"]
[SourceVersion "1"]
[SourceVersionDate "2010.10.29"]
[SourceQuality "1"]

1. e4 c5 2. Nc3 d6 3. f4 g6 4. Nf3 Nc6 5. d3 Bg7 6. g3 e6 7. Bg2 Nge7 8. 0-0 0-0 9. h3 Qb6 10. Kh2 Nd4 11. Nxd4 Bxd4 12. Ne2 Bg7 13. c3 e5 14. Rb1 Rd8 15. c4 Bd7 16. Nc3 Rab8 17. fxe5 dxe5 18. Nd5 Nxd5 19. exd5 Qa6 20. Be3 b5 21. b3 Qd6 22. Qd2 b4 23. Qf2 Rbc8 24. Qxf7+ Kh8 25. Bg5 Bf5 26. Bxd8 Rxd8 27. Be4 Qb8 28. Bxf5 Rf8 29. Qd7 Rd8 30. Qc6 gxf5 31. Rxf5 Rf8 32. Rbf1 Rxf5 33. Rxf5 e4 34. dxe4 Be5 35. Rg5 Qf8 36. Rf5 Qb8 37. Rg5 Qf8 38. Kg2 Bd4 39. Rf5 Qe7 40. d6 Qe6 41. d7 Qxc6 42. d8Q+ Kg7 43. Qf8+ Kg6 44. Qf7+ 1-0

[Event "Poznan op 19th"]
[Site "Poznan"]
[Date "2010.08.03"]
[Round "3"]
[White "Plonczak, Mateusz"]
[Black "Cholewa, Maria"]
[Result "1/2-1/2"]
[WhiteElo "1977"]
[BlackElo "1806"]
[PlyCount "96"]
[EventDate "2010.08.01"]
[EventType "swiss"]
[EventRounds "9"]
[EventCountry "POL"]
[SourceTitle "CBM 138 Extra"]
[Source "ChessBase"]
[SourceDate "2010.10.29"]
[SourceVersion "1"]
[SourceVersionDate "2010.10.29"]
[SourceQuality "1"]

1. d4 d5 2. c4 e6 3. Nc3 Nf6 4. Bg5 Be7 5. Nf3 0-0 6. e3 h6 7. Bh4 dxc4 8. Bxc4 b6 9. 0-0 Bb7 10. Qe2 Nbd7 11. Rfd1 Ne4 12. Nxe4 Bxh4 13. Nc3 Qe7 14. e4 Bg5 15. d5 exd5 16. Nxd5 Bxd5 17. Bxd5 Rad8 18. Nd4 Qf6 19. Nc6 Rde8 20. g3 Qg6 21. Qc4 Ne5 22. Nxe5 Rxe5 23. Qxc7 Re7 24. Qc6 Qxc6 25. Bxc6 Rc7 26. Bd5 Bf6 27. Rd2 Rfc8 28. Rad1 Rc2 29. b3 Kf8 30. Bc4 Rxd2 31. Rxd2 Rc7 32. f4 Bc3 33. Rd3 Bb4 34. Rd8+ Ke7 35. Rg8 Bc5+ 36. Kg2 Bd4 37. e5 b5 38. Bxb5 Rc2+ 39. Kf3 g6 40. Rb8 f5 41. Rb7+ Kf8 42. Rb8+ Ke7 43. Rb7+ Kf8 44. Be2 Rc3+ 45. Kg2 Rc2 46. Kf1 Rc1+ 47. Kg2 Rc2 48. Kf3 Rc3+ 1/2-1/2